Mathematics and sports / (Record no. 5743)

MARC details
000 -LEADER
fixed length control field 01026pam a2200169 a 4500
020 ## - INTERNATIONAL STANDARD BOOK NUMBER
ISBN 0821895001 (alk. paper)
050 00 - CALL NUMBER
Classification number GV706.8
Item number .S2313
100 1# - AUTHOR
Personal name Sadovskiĭ, Leonid Efimovich.
245 10 - TITLE
Title Mathematics and sports /
Statement of responsibility, etc L.E. Sadovskiĭ and A.L. Sadovskiĭ ; translated from the Russian by S. Makar-Limanov.
260 ## - PUBLICATION INFORMATION
Place of publication Providence, R.I. :
Name of publisher American Mathematical Society,
Year of publication c1993.
300 ## - DESCRIPTION
Number of Pages ix, 152 p. :
Other physical details ill. ;
Dimensions 26 cm.
440 #0 - SERIES
SERIES Mathematical world ;
505 ## - FORMATTED CONTENTS NOTE
Table of Content Chapter 1. Mathematics and sports (in place of a foreword) <br/>Chapter 2. What is applied mathematics? <br/>Chapter 3. Why five sets? (mathematical modeling of tennis) <br/>Chapter 4. Those judges! <br/>Chapter 5. Records! Records! <br/>Chapter 6. Linear programming and sports <br/>Chapter 7. Game models (chapter 7) <br/>Chapter 8. Organizing competitions is an operations planning problem <br/>Chapter 9. Classifications in sports <br/>Chapter 10. Conclusion <br/>Chapter 11. References.
650 #0 - SUBJECTS
Topical Term Sports
General subdivision Mathematics.
700 1# - OTHER AUTHORS
Personal name Sadovskiĭ, A. L.
942 ## - ADDED ENTRY ELEMENTS (KOHA)
Koha item type Books
Holdings
Withdrawn status Lost status Collection code Home library Current library Shelving location Date acquired Full call number Accession Number Koha item type
    Reference Methodist University Library Main Methodist University Library Main General Stacks 18/07/2019 GV706.8 .S2313 4509 Books
Copyright © 2026  MUG Library